000 01091 a2200157 4500
999 _c194042
_d194042
003 Nust
005 20170531102132.0
008 170531b xxu||||| |||| 00| 0 eng d
040 _cNust
082 _a954.91
100 _aM.R.Kayani
_91671
245 _aNot The Whole Truth
_cM.R. Kayani
260 _aLahore , pakistan
_bFerozsons
_c1963
300 _a211p;
505 _aIntroduction (Page-i), The Exception (Page-i), First of April (Page-1), As President to President (Page-12), In Praise of the Honorable Profession (Page-26), The philosophy of Life (Page-34), On Writ Jurisdiction in Pakistan (Page-41), The Officer on Special Duty (Page-46), My Heart Goes Out (Page-60), There is a tide in the Affairs of Men (Page-65), Misfortunes come not alone (Page-77), Of a Six-week baby who went to a Marriage party (Page-94), Preserve your Bachelor State Lady Doctors (Page-111), Of the Dust Strom that lasted for three Months (Page-120), When I was in England (Page-152), Home, Sweet Home (Page-166), Have you got an Enemy in the High Court (Page-176), On Growing long Hair (Page-187), Freedom of Press(Page-193).
538 _aAlmirah No.63 Shelf No.2
942 _2ddc
_cBK